| 000 | 00377nam a2200157Ia 4500 | ||
|---|---|---|---|
| 008 | 230524s9999 xx 000 0 und d | ||
| 082 |
_a530.41 _bSRI |
||
| 100 | _aJ.P.Srivastava | ||
| 245 | 0 | _aElements of Solide State Physics | |
| 250 | _a2ND | ||
| 260 |
_aNEW DELHI _bPHI _c2006 |
||
| 300 | _aXIII;587 | ||
| 500 | _aQuantity Number: 2 | ||
| 650 | _aPhysics | ||
| 942 | _cBK | ||
| 999 |
_c35551 _d35551 |
||